| 000 | 00548nam a2200205 4500 | ||
|---|---|---|---|
| 003 | OSt | ||
| 005 | 20220816122548.0 | ||
| 008 | 220816b |||||||| |||| 00| 0 eng d | ||
| 020 | _a9781412910668 | ||
| 040 | _cIFM Library | ||
| 082 | _a658.31 | ||
| 100 |
_aSandberg, Jorgen _92914 |
||
| 245 | _aManaging Understanding in Organizations | ||
| 260 |
_aLondon: _bSAGE, _c2007 |
||
| 300 |
_avi, 216 p.: _bill.; 23cm. |
||
| 500 | _aIncludes References and Index | ||
| 650 |
_amanagement _92915 |
||
| 700 |
_aTargama Axel _92916 |
||
| 942 |
_cBK _2ddc _n0 |
||
| 999 |
_c14462 _d14462 |
||